[Event "Barcelona Sant Marti op 7th"]
[Site "Barcelona"]
[Date "2018.02.15"]
[Round "6"]
[White "Laso Aguedo, Antonio"]
[Black "Garcia Miralles, Eduard"]
[Result "1-0"]
[WhiteElo "1744"]
[BlackElo "1345"]
[PlyCount "55"]
[EventDate "2018.01.11"]
[EventType "swiss"]
[EventRounds "9"]
[EventCountry "ESP"]
[SourceTitle "EXT 2019"]
[Source "ChessBase"]
[SourceDate "2018.10.10"]
[SourceVersion "1"]
[SourceVersionDate "2018.10.10"]
[SourceQuality "1"]

1. e4 e6 2. d4 d5 3. e5 c5 4. c3 Nc6 5. Nf3 Qb6 6. a3 Nge7 7. Bd3 Bd7 8. Bc2 Rc8 9. 0-0 cxd4 10. cxd4 Nf5 11. Bxf5 exf5 12. b4 Be7 13. Nc3 Be6 14. Na4 Qc7 15. Bf4 0-0 16. Rc1 Qd8 17. Re1 a5 18. Nc5 axb4 19. Nxb7 Qb6 20. Nc5 bxa3 21. Rb1 Qa7 22. Rb7 Qa8 23. Qb3 Nxd4 24. Nxd4 Bxc5 25. Nxe6 fxe6 26. Bh6 gxh6 27. Qg3+ Kh8 28. Qg7# 1-0

[Event "Barcelona Sant Marti op 7th"]
[Site "Barcelona"]
[Date "2018.01.11"]
[Round "1"]
[White "Garcia Gil, Javier"]
[Black "Laso Aguedo, Antonio"]
[Result "1-0"]
[WhiteElo "2085"]
[BlackElo "1744"]
[PlyCount "121"]
[EventDate "2018.01.11"]
[EventType "swiss"]
[EventRounds "9"]
[EventCountry "ESP"]
[SourceTitle "EXT 2019"]
[Source "ChessBase"]
[SourceDate "2018.10.10"]
[SourceVersion "1"]
[SourceVersionDate "2018.10.10"]
[SourceQuality "1"]

1. d4 Nf6 2. c4 c5 3. d5 b5 4. cxb5 a6 5. e3 axb5 6. Bxb5 Ba6 7. Bxa6 Qa5+ 8. Nc3 Qxa6 9. Nge2 g6 10. 0-0 Bg7 11. b3 Ne4 12. Bb2 Nxc3 13. Bxc3 0-0 14. Bxg7 Kxg7 15. Qc2 d6 16. Nc3 Nd7 17. Rfd1 Rfc8 18. a4 Qa5 19. Rab1 Rab8 20. Nb5 Kg8 21. h3 Rb7 22. e4 Nb8 23. e5 Qd8 24. exd6 exd6 25. Qc3 Na6 26. Qg3 Rd7 27. Qf4 Nb4 28. Rbc1 Kg7 29. Rc4 Qf6 30. Qg4 Rcd8 31. Rf4 Qb2 32. Qf3 Re7 33. Qc3+ Qxc3 34. Nxc3 Rde8 35. Rc4 Re1+ 36. Rxe1 Rxe1+ 37. Kh2 Re5 38. f4 Re3 39. Kg1 Rd3 40. a5 Na6 41. Kh2 h5 42. g4 h4 43. g5 f5 44. gxf6+ Kf7 45. Kg2 Rg3+ 46. Kf2 Rxh3 47. Ne4 Rd3 48. Nxd6+ Kxf6 49. Ne4+ Ke7 50. Nxc5 Nxc5 51. Rxc5 Rxb3 52. a6 Ra3 53. Rc6 Kf7 54. Kg2 Rg3+ 55. Kh2 Ra3 56. Rb6 Ra5 57. Rb7+ Kf6 58. a7 Kf5 59. d6 Kg4 60. d7 h3 61. Rb2 1-0

[Event "Barcelona Sant Marti op 2nd"]
[Site "Barcelona"]
[Date "2013.01.17"]
[Round "1"]
[White "Laso Aguedo, Antonio"]
[Black "Fernandez Madrid, Carlos"]
[Result "0-1"]
[WhiteElo "1761"]
[BlackElo "2160"]
[PlyCount "60"]
[EventDate "2013.01.17"]
[EventType "swiss"]
[EventRounds "9"]
[EventCountry "ESP"]
[SourceTitle "EXT 2014"]
[Source "ChessBase"]
[SourceDate "2013.11.20"]
[SourceVersion "1"]
[SourceVersionDate "2013.11.20"]
[SourceQuality "1"]

1. e4 g6 2. d4 Bg7 3. Nf3 d6 4. Nc3 a6 5. a4 b6 6. Be3 Bb7 7. Be2 Nd7 8. 0-0 e6 9. Qd2 Ngf6 10. Bd3 c5 11. d5 exd5 12. exd5 0-0 13. Bg5 Qc7 14. Rfe1 c4 15. Bf1 Rfe8 16. Rad1 Nc5 17. Qf4 Rxe1 18. Nxe1 Nfd7 19. Qxc4 Rc8 20. Qh4 Ne5 21. Bf6 Bf8 22. f4 Ned7 23. Bd4 Re8 24. f5 Ne5 25. fxg6 fxg6 26. Bd3 Bg7 27. Qg3 Qf7 28. Rd2 Nexd3 29. Nxd3 Bxd4+ 30. Kh1 Qf1# 0-1

[Event "Barcelona Sants op-B 11th"]
[Site "Barcelona"]
[Date "2009.07.20"]
[Round "8"]
[White "Laso Aguedo, Antonio"]
[Black "Arias Velasco, Jose Tomas"]
[Result "0-1"]
[WhiteElo "1833"]
[BlackElo "1894"]
[PlyCount "58"]
[EventDate "2009.07.13"]
[EventType "swiss"]
[EventRounds "9"]
[EventCountry "ESP"]
[SourceTitle "EXT 2011"]
[Source "ChessBase"]
[SourceDate "2010.11.26"]
[SourceVersion "1"]
[SourceVersionDate "2010.11.26"]
[SourceQuality "1"]

1. e4 Nf6 2. e5 Nd5 3. c4 Nb6 4. d4 d6 5. exd6 exd6 6. Nc3 Be7 7. Bd3 Nc6 8. Nge2 d5 9. c5 Nc4 10. b3 N4a5 11. h3 0-0 12. 0-0 Bf6 13. Rb1 Nb4 14. Bf4 Nxd3 15. Qxd3 g6 16. Nb5 Bf5 17. Qg3 Bxb1 18. Bxc7 Qd7 19. Nec3 a6 20. Bxa5 axb5 21. b4 Bf5 22. Qf3 Rxa5 23. bxa5 Bxd4 24. Nxd5 Rd8 25. Rd1 Qxd5 26. Rxd4 Qxd4 27. Qxb7 Qxc5 28. a6 Qe5 29. f3 Qg3 0-1

[Event "Barcelona Sants op-B 11th"]
[Site "Barcelona"]
[Date "2009.07.16"]
[Round "4"]
[White "Laso Aguedo, Antonio"]
[Black "Bienvenido Kleque, Jose"]
[Result "1-0"]
[WhiteElo "1833"]
[BlackElo "1567"]
[PlyCount "137"]
[EventDate "2009.07.13"]
[EventType "swiss"]
[EventRounds "9"]
[EventCountry "ESP"]
[SourceTitle "EXT 2011"]
[Source "ChessBase"]
[SourceDate "2010.11.26"]
[SourceVersion "1"]
[SourceVersionDate "2010.11.26"]
[SourceQuality "1"]

1. e4 e5 2. Nf3 Nc6 3. Bb5 a6 4. Bxc6 dxc6 5. 0-0 Bg4 6. h3 Bxf3 7. Qxf3 Qf6 8. Qg3 0-0-0 9. d3 h6 10. Be3 Bd6 11. Nd2 Ne7 12. f4 Rdf8 13. Nc4 Qg6 14. Qh2 exf4 15. Nxd6+ cxd6 16. Bxf4 Rd8 17. Qg3 Qxg3 18. Bxg3 f6 19. Rf3 Ng6 20. Raf1 Rhe8 21. h4 Ne5 22. Bxe5 dxe5 23. Rg3 Re7 24. Rg6 Rdd7 25. Rf3 Kc7 26. Kf2 Kd6 27. Ke3 Kc7 28. g4 Kd6 29. g5 hxg5 30. hxg5 Re6 31. gxf6 gxf6 32. Rfxf6 Rxf6 33. Rxf6+ Ke7 34. Rh6 Kf8 35. Re6 Kf7 36. Rxe5 Kf6 37. Rf5+ Ke6 38. d4 Rh7 39. d5+ cxd5 40. Rxd5 Rh2 41. Rd2 Rh3+ 42. Kd4 Rh8 43. c4 Rd8+ 44. Ke3 Rc8 45. b3 Rh8 46. Rg2 Rh3+ 47. Kd4 Rh7 48. Rg6+ Kd7 49. a4 Rf7 50. b4 Rf2 51. a5 Rb2 52. Kc5 Re2 53. Rd6+ Kc7 54. Rd4 Rh2 55. e5 Rh5 56. Kd5 Rh8 57. e6 Rh6 58. Ke4 Rh4+ 59. Ke5 Rh5+ 60. Kf6 Rh1 61. Rd5 Rh6+ 62. Kf7 Rh7+ 63. Kf8 Rh8+ 64. Kg7 Rh1 65. e7 Rg1+ 66. Kf8 Rf1+ 67. Ke8 Rf4 68. Rc5+ Kd6 69. Kd8 1-0